Cien años de soledad

I tiakina i:
Ngā taipitopito rārangi puna kōrero
Kaituhi matua: García Márquez, Gabriel (Author)
Hōputu: Pukapuka
Reo:Pāniora
I whakaputaina: Bogotá Norma 2012
Putanga:1a. ed
Rangatū:Para Todos
Ngā marau:
Ngā Tūtohu: Tāpirihia he Tūtohu
Kāore He Tūtohu, Me noho koe te mea tuatahi ki te tūtohu i tēnei pūkete!

MARC

LEADER 00000cam a2200000 a 4500
001 UCE5679
003 CL-VaPUC
008 150305e20120000ck |||||||||||||||||spa|d
020 |a 9789588774060 
082 0 4 |a Co863  |b GAR  |2 21 
100 0 |a García Márquez, Gabriel  |e author  |9 318478 
245 1 0 |a Cien años de soledad 
250 |a 1a. ed 
300 |a 412 p 
942 |c BK 
945 |d 20150305 12:52:00  |a dcastane 
260 |a Bogotá  |b Norma  |c 2012 
650 0 |a Novelas colombianas  |9 266734 
650 0 |a Literatura colombiana   |9 315578 
583 |a last modification  |c 20150305 12:52:00  |k Rodrigo Vera 
490 0 |a Para Todos 
999 |c 358327  |d 358325 
952 |0 0  |1 0  |3 erb  |4 0  |6 CO_863_000000000000000_GAR_2012  |7 0  |8 R  |9 466961  |a BIBEDU  |b BIBEDU  |c MCIRC  |i 5137241  |l 4  |m 1  |o Co863 GAR 2012  |p 5137241  |r 2025-03-19  |s 2025-03-06  |w 2019-11-23  |y BK_R  |z Catalogado en:20150305  |k LIT